| 000 | 00552nam a2200229 a 4500 | ||
|---|---|---|---|
| 001 | nice12345678 | ||
| 003 | IN_TiNIC | ||
| 005 | 20260116012352.0 | ||
| 008 | 050524s1980 sina grp 000 0 eng | ||
| 020 |
_a _c100 |
||
| 082 | 0 | 0 |
_a268.6 _bEVA1 |
| 100 | _aEvabs, Rob | ||
| 245 | _aChurch and Education in Asia | ||
| 260 |
_aSingapur _bChristian Conference India _c1980 |
||
| 300 | _a119p | ||
| 500 | _aincludes index and biblioraphy | ||
| 505 | 2 | _aIndex | |
| 650 | _aChristian-Education | ||
| 902 | _bSRS | ||
| 942 | _cBK | ||
| 999 |
_c6730 _d6730 |
||